[Event "ZN-2010-0-01135"]
[Site "LSS email"]
[Date "2010.08.26"]
[Round "?"]
[White "Osmankin, Evgeniy"]
[Black "Galvein, Prospero"]
[Result "1-0"]
[WhiteElo "1003"]
[BlackElo "497"]
[PlyCount "59"]
[EventDate "2010.08.20"]
[EventType "match (corr)"]
[EventRounds "2"]
[EventCountry "GER"]
[SourceTitle "Telechess CBM 143"]
[Source "ChessBase"]
[SourceDate "2011.07.15"]
[SourceVersion "1"]
[SourceVersionDate "2011.07.15"]
[SourceQuality "1"]

1. e4 e5 2. Nf3 Nc6 3. Bb5 Nf6 4. 0-0 Bc5 5. Nxe5 Nxe5 6. d4 Bxd4 7. Qxd4 Nc6 8. Bxc6 dxc6 9. Qxd8+ Kxd8 10. f3 Kd7 11. Nc3 b5 12. Rd1+ Ke6 13. a4 b4 14. Ne2 c5 15. Be3 Bb7 16. Bxc5 Ba6 17. Nf4+ Ke5 18. Nd5 c6 19. Nxf6 gxf6 20. Bxb4 Rhd8 21. Ba5 Rxd1+ 22. Rxd1 Rb8 23. Bc7+ Ke6 24. Bxb8 f5 25. Rd6+ Ke7 26. Rxc6 Bb7 27. Rc7+ Kf6 28. Rxb7 a5 29. exf5 Kxf5 30. Rxf7+ 1-0

[Event "ZN-2010-0-01131"]
[Site "LSS email"]
[Date "2010.08.21"]
[Round "?"]
[White "Galvein, Prospero"]
[Black "Osmankin, Evgeniy"]
[Result "0-1"]
[WhiteElo "505"]
[BlackElo "800"]
[PlyCount "46"]
[EventDate "2010.08.13"]
[EventType "match (corr)"]
[EventRounds "2"]
[EventCountry "GER"]
[SourceTitle "Telechess CBM 143"]
[Source "ChessBase"]
[SourceDate "2011.07.15"]
[SourceVersion "1"]
[SourceVersionDate "2011.07.15"]
[SourceQuality "1"]

1. e4 e5 2. Nf3 Nc6 3. Nc3 Nf6 4. d4 exd4 5. Nxd4 Bb4 6. Bg5 h6 7. Bxf6 Qxf6 8. Bd3 Qxd4 9. 0-0 Bxc3 10. bxc3 Qxc3 11. Qf3 0-0 12. e5 g6 13. Rae1 Nxe5 14. Rxe5 Qxe5 15. g3 d5 16. a4 Bh3 17. Rb1 Rfe8 18. Qe3 Qxe3 19. fxe3 Rxe3 20. Kf2 Re6 21. Rxb7 Rae8 22. Rxc7 Rf6+ 23. Kg1 Re1+ 0-1

[Event "ZN-2010-0-01120"]
[Site "LSS email"]
[Date "2010.08.08"]
[Round "?"]
[White "Aljbitskij, Pavel"]
[Black "Osmankin, Evgeniy"]
[Result "0-1"]
[WhiteElo "828"]
[BlackElo "1013"]
[PlyCount "76"]
[EventDate "2010.08.05"]
[EventType "match (corr)"]
[EventRounds "2"]
[EventCountry "GER"]
[SourceTitle "Telechess CBM 143"]
[Source "ChessBase"]
[SourceDate "2011.07.15"]
[SourceVersion "1"]
[SourceVersionDate "2011.07.15"]
[SourceQuality "1"]

1. e4 e6 2. Nf3 c5 3. c3 Nf6 4. e5 Nd5 5. d4 cxd4 6. cxd4 d6 7. Bb5+ Bd7 8. Bxd7+ Nxd7 9. 0-0 Rc8 10. Qb3 dxe5 11. Nxe5 Nxe5 12. dxe5 Bc5 13. Nc3 Nxc3 14. bxc3 0-0 15. Ba3 Qe7 16. Bb4 h6 17. Rad1 b6 18. Rd6 Bxd6 19. Bxd6 Qg5 20. Bxf8 Rxf8 21. f4 Qe7 22. Qc4 Rd8 23. Rf3 Rd1+ 24. Rf1 Rxf1+ 25. Kxf1 Qh4 26. h3 g5 27. Qc8+ Kg7 28. fxg5 Qf4+ 29. Kg1 Qe3+ 30. Kh1 Qe1+ 31. Kh2 Qxe5+ 32. Kh1 hxg5 33. Qc4 Qf4 34. Qxf4 gxf4 35. Kg1 Kg6 36. Kf2 Kh5 37. Kf3 e5 38. Ke4 f6 0-1

[Event "OP-2010-0-01227"]
[Site "LSS email"]
[Date "2010.08.08"]
[Round "?"]
[White "Venturas, Bob"]
[Black "Osmankin, Evgeniy"]
[Result "0-1"]
[WhiteElo "616"]
[BlackElo "800"]
[PlyCount "54"]
[EventDate "2010.08.02"]
[EventType "tourn (corr)"]
[EventRounds "4"]
[EventCountry "GER"]
[SourceTitle "Telechess CBM 143"]
[Source "ChessBase"]
[SourceDate "2011.07.15"]
[SourceVersion "1"]
[SourceVersionDate "2011.07.15"]
[SourceQuality "1"]

1. e4 e5 2. Nf3 Nc6 3. Bc4 Bc5 4. h3 a6 5. a3 Nf6 6. Nc3 0-0 7. d3 d6 8. Bg5 h6 9. Bh4 Be6 10. Nd5 g5 11. Bg3 Bxd5 12. Bxd5 Nxd5 13. exd5 Ne7 14. c4 b5 15. b3 bxc4 16. bxc4 Rb8 17. 0-0 Nf5 18. Qe2 Nxg3 19. Qe1 Nxf1 20. Kxf1 Qf6 21. Qa5 e4 22. Re1 exf3 23. gxf3 Qxf3 24. Qd2 Qh1+ 25. Ke2 Rfe8+ 26. Kd1 Rxe1+ 27. Qxe1 Rb1+ 0-1

[Event "ZN-2010-0-01117"]
[Site "LSS email"]
[Date "2010.08.06"]
[Round "?"]
[White "Bearce, Harold L"]
[Black "Osmankin, Evgeniy"]
[Result "0-1"]
[WhiteElo "515"]
[BlackElo "800"]
[PlyCount "62"]
[EventDate "2010.08.03"]
[EventType "match (corr)"]
[EventRounds "2"]
[EventCountry "GER"]
[SourceTitle "Telechess CBM 143"]
[Source "ChessBase"]
[SourceDate "2011.07.15"]
[SourceVersion "1"]
[SourceVersionDate "2011.07.15"]
[SourceQuality "1"]

1. e4 e5 2. Nf3 Nf6 3. Nxe5 d6 4. Nf3 Nxe4 5. d4 d5 6. Bd3 Bd6 7. 0-0 0-0 8. Re1 Bf5 9. Nc3 Nxc3 10. bxc3 Bxd3 11. Qxd3 Nd7 12. Bg5 f6 13. Be3 Nb6 14. Nd2 f5 15. Nf3 Nc4 16. Bg5 Qd7 17. Bc1 Rae8 18. Bg5 f4 19. Rxe8 Rxe8 20. Kf1 h6 21. Bxh6 gxh6 22. Qg6+ Kf8 23. Qxh6+ Qg7 24. Qxg7+ Kxg7 25. Re1 Re4 26. Re2 Kf6 27. h3 Ba3 28. Nd2 Nxd2+ 29. Rxd2 Re6 30. Re2 Rc6 31. Re5 Rxc3 0-1

[Event "ZN-2010-0-01117"]
[Site "LSS email"]
[Date "2010.08.06"]
[Round "?"]
[White "Osmankin, Evgeniy"]
[Black "Bearce, Harold L"]
[Result "1-0"]
[WhiteElo "1016"]
[BlackElo "473"]
[PlyCount "27"]
[EventDate "2010.08.03"]
[EventType "match (corr)"]
[EventRounds "2"]
[EventCountry "GER"]
[SourceTitle "Corr 2015"]
[Source "ChessBase"]
[SourceDate "2015.07.17"]
[SourceVersion "1"]
[SourceVersionDate "2015.07.17"]
[SourceQuality "1"]

1. e4 e5 2. Nf3 Nc6 3. Bb5 a6 4. Bxc6 dxc6 5. 0-0 Bd6 6. d4 Bg4 7. dxe5 Bxf3 8. Qxf3 Bxe5 9. Nd2 b5 10. Qh5 Qd6 11. Nf3 Bf4 12. Bxf4 Qxf4 13. Rad1 Nf6 14. Qc5 1-0